| 000 | 00562 a2200157 4500 | ||
|---|---|---|---|
| 003 | OSt | ||
| 005 | 20250702152929.0 | ||
| 008 | 250702b |||||||| |||| 00| 0 eng d | ||
| 020 | _a9789391382629 | ||
| 040 | _coclc | ||
| 082 |
_a305.56880954 _bMUN/D |
||
| 245 |
_aDevelopment of Scheduled Castes and Scheduled Tribes: _bIssues, Problems and Prospects / _cEditor-in-chief Prof. M Muninarayanappa |
||
| 260 |
_aNew Delhi: _bSwastik Publications, _c2025. |
||
| 300 | _a541 pages | ||
| 942 |
_2ddc _cBK _h305.56880954 _iMUN/D _k305.56880954 _mMUN/D |
||
| 999 |
_c44588 _d44588 |
||